000 00503nam a22001577a 4500
005 20251108165001.0
008 250721s1967 xx 000 0 ara d
082 1 4 _a892.4غسا
100 1 _aكنفاني، غسان
245 1 0 _aفي الأدب الصهيوني :
_bالأدب العبري /
264 1 _aبيروت :
_bمنظمة التحرير الفلسطينية-مركز الأبحاث،
_c1967.
300 _a160ص
650 1 7 _aالأدب العبري
942 _2ddc
_cBK
999 _c19100
_d19100